000 01160nam a2200325Ia 4500
001 Para_5634
003 CHAP
008 220125s2001 xx 000 0 und d
010 _a204045
040 _cCHAP
090 _aPA TESIS 1594
100 _aSosa Cazares, Oscar
_9170077
245 _aControl químico de la roña (Venturia inaequalis (Cke.) Wint.) y de la pudrición morena (Monilia fructicola (Wint.) Honey) en manzano en Zacatlán, Puebla, México /
_c por Oscar Sosa Cazares
260 _aChapingo, Méx. :
_b el autor
300 _a50 h.
502 _aTesis (Ing Agr. Esp. Parasitología Agrícola) UACh. Departamento Parasitología Agrícola
650 _aHongos fitopatógenos
_956132
650 _aManzana
_x enfermedades por hongos
_970765
650 _aManzana
_xPuebla
_970800
650 _aSclerotinia fruticola
_9103340
650 _aVenturia inaequalis
_9118754
710 _aUACh. Departamento Parasitología Agrícola
_9164025
901 _aPA TESIS 1594
902 _aA
905 _a0000002001 dn 0000000000 00
910 _a2001
942 _cPARA
942 _cPARA
_d1
999 _c204045
_d204045